00627nam a2200205Ia 4500008004100000020001900041082002100060100002700081245003300108250001100141260003200152300001900184365002800203366000800231505002000239530000900259620008700268630003300355730003300388100315s9999 xx 000 0 und d a81-7194-70-6  b2638 a336.24  a"Singhania, Vinod K. " aStudents Guide To Income Tax a12th  aDelhi bTaxmann  c1993  a"XVI,531p.  " eRupees d1 b100.00  f0  gTushar Jadhav  b-   a"Residential Status & its effect on tax incidents, Incomes that exempt from tax " aStudents Guide To Income Tax aStudents Guide To Income Tax